The world made a rainbow / Michelle Robinson ; ... Read More
Available copies
- 1 of 1 copy available at LARL/NWRL Consortium. (Show)
- 1 of 1 copy available at Northwest Regional Library.
Current holds
0 current holds with 1 total copy.
Show All Copies
| Location | Call Number / Copy Notes | Barcode | Shelving Location | Status | Due Date |
|---|---|---|---|---|---|
| Greenbush Public Library | e ROB (Text) | 35500006803694 | Main | Available | - |
Record details
- ISBN: 9781547607136
- ISBN: 1547607130
- Physical Description: 1 volume (unpaged) : color illustrations ; 28 cm
- Publisher: New York : Bloomsbury Children's Book, 2020.
Content descriptions
| Summary, etc.: | When all the world has to stay home, a little girl ... Read More |
| Target Audience Note: | Ages 3-6. Bloomsbury Children's Book. Grades K-1. Bloomsbury Children's Book. |
Search for related items by subject
| Genre: | Picture books for children. Stories in rhyme. Fiction. Juvenile works. Picture books. Stories in rhyme. Picture books. |
| LDR | 03543cam a22007698i 4500 | ||
|---|---|---|---|
| 001 | 443737 | ||
| 003 | LARL_NWRL_CONSORTIUM | ||
| 005 | 20240814125321.0 | ||
| 008 | 200630s2020 nyua b 000 1 eng | ||
| 010 | . | ‡a 2020029222 | |
| 040 | . | ‡aDLC ‡beng ‡erda ‡cDLC ‡dOCLCO ‡dSDG ‡dOCLCO ‡dTOH ‡dOCLCO ‡dOCLCF ‡dUAP ‡dOCLCO ‡dEHH ‡dOCL ‡dGO6 ‡dOCLCO ‡dIP6 ‡dKYC ‡dUIU ‡dOCLCO ‡dOCL ‡dMQY ‡dOCLCO ‡dUAH ‡dOCLCO ‡dOCLCQ ‡dOCLCL | |
| 020 | . | ‡a9781547607136 ‡q(hardcover) : ‡c$17.99 | |
| 020 | . | ‡a1547607130 ‡q(hardcover) : ‡c$17.99 | |
| 035 | . | ‡a(OCoLC)1163949223 | |
| 042 | . | ‡apcc ‡acyac | |
| 082 | 0 | 0. | ‡a[E] ‡223 |
| 100 | 1 | . | ‡aRobinson, Michelle ‡q(Michelle Jane), ‡d1977- ‡eauthor. ‡0(LARL_NWRL_CONSORTIUM)220902 |
| 245 | 1 | 4. | ‡aThe world made a rainbow / ‡cMichelle Robinson ; illustrated by Emily Hamilton. |
| 264 | 1. | ‡aNew York : ‡bBloomsbury Children's Book, ‡c2020. | |
| 300 | . | ‡a1 volume (unpaged) : ‡bcolor illustrations ; ‡c28 cm | |
| 336 | . | ‡atext ‡btxt ‡2rdacontent | |
| 336 | . | ‡astill image ‡bsti ‡2rdacontent | |
| 337 | . | ‡aunmediated ‡bn ‡2rdamedia | |
| 338 | . | ‡avolume ‡bnc ‡2rdacarrier | |
| 521 | . | ‡aAges 3-6. ‡bBloomsbury Children's Book. | |
| 521 | . | ‡aGrades K-1. ‡bBloomsbury Children's Book. | |
| 520 | . | ‡aWhen all the world has to stay home, a little girl who misses her grandma, friends, and school works with her parents to make a rainbow to display in their window to give others hope. | |
| 650 | 0. | ‡aLoneliness ‡vJuvenile fiction. | |
| 650 | 0. | ‡aHope ‡vJuvenile fiction. | |
| 650 | 0. | ‡aFamilies ‡vJuvenile fiction. ‡0(LARL_NWRL_CONSORTIUM)164956 | |
| 650 | 0. | ‡aSocial distancing (Public health) ‡vJuvenile fiction. | |
| 650 | 0. | ‡aStories in rhyme. ‡0(LARL_NWRL_CONSORTIUM)162453 | |
| 650 | 0. | ‡aPicture books for children. ‡0(LARL_NWRL_CONSORTIUM)28194 | |
| 650 | 1. | ‡aStories in rhyme. ‡0(LARL_NWRL_CONSORTIUM)162453 | |
| 650 | 1. | ‡aLoneliness ‡vFiction. ‡0(LARL_NWRL_CONSORTIUM)165963 | |
| 650 | 1. | ‡aHope ‡vFiction. | |
| 650 | 1. | ‡aFamily life ‡vFiction. | |
| 650 | 7. | ‡aSocial distancing (Public health) ‡2fast | |
| 650 | 7. | ‡aPicture books for children. ‡2fast ‡0(LARL_NWRL_CONSORTIUM)28194 | |
| 650 | 7. | ‡aFamilies. ‡2fast ‡0(LARL_NWRL_CONSORTIUM)19934 | |
| 650 | 7. | ‡aHope. ‡2fast ‡0(LARL_NWRL_CONSORTIUM)22349 | |
| 650 | 7. | ‡aLoneliness. ‡2fast ‡0(LARL_NWRL_CONSORTIUM)24782 | |
| 650 | 7. | ‡aStories in rhyme. ‡2fast ‡0(LARL_NWRL_CONSORTIUM)162453 | |
| 650 | 7. | ‡aFamily members ‡vJuvenile fiction. ‡2homoit | |
| 655 | 0. | ‡aPicture books for children. | |
| 655 | 7. | ‡aStories in rhyme. ‡2fast | |
| 655 | 7. | ‡aFiction. ‡2fast | |
| 655 | 7. | ‡aJuvenile works. ‡2fast | |
| 655 | 7. | ‡aPicture books. ‡2fast | |
| 655 | 7. | ‡aStories in rhyme. ‡2lcgft | |
| 655 | 7. | ‡aPicture books. ‡2lcgft | |
| 700 | 1 | . | ‡aHamilton, Emily, ‡eillustrator. |
| 901 | . | ‡a443737 ‡bAUTOGEN ‡c443737 ‡tbiblio | |

Add to basket
Permalink
Disable Highlighting